| 000 | 00631cam a2200145 4500500 | ||
|---|---|---|---|
| 005 | 20260208010540.0 | ||
| 041 | _afre | ||
| 042 | _adc | ||
| 100 | 1 | 0 |
_aLorvellec, Yves _eauthor |
| 245 | 0 | 0 | _aJesús Manuel Conderana Cerrillo, El conocimiento de los principios prácticos en Aristóteles, Salamanque, Publicaciones Universidad Pontificia, 2002, 23,5 × 17 cm, 421 p. |
| 260 | _c2005. | ||
| 500 | _a29 | ||
| 786 | 0 | _nRevue philosophique de la France et de l'étranger | 130 | 1 | 2005-03-01 | p. 77zi-130zi | 0035-3833 | |
| 856 | 4 | 1 | _uhttps://shs.cairn.info/revue-philosophique-2005-1-page-77zi?lang=fr&redirect-ssocas=7080 |
| 999 |
_c1657073 _d1657073 |
||